000 00363pab a2200145 454500
008 180718b2015 xxu||||| |||| 00| 0 eng d
100 _aMajumdar, Suchitra
245 _aAgrarian society in early medieval Bengal
260 _c2015
300 _ap.11-27.
362 _aMay-Jun
650 _aAgrarian structure
773 _aSocial Scientist
909 _a108799
999 _c108794
_d108794